Quizzes
Events
Quiz Creation
Community
Videos
Private Events
Remove Ads
Sign In
Join for FREE
Feedback
Dark Mode
Quiz Categories
Sports
Geography
Music
Movies
Television
Just For Fun
Miscellaneous
History
Literature
Language
Science
Gaming
Entertainment
Religion
Holiday
For Kids
Quiz Lab
Recent
Popular Today
Quiz Kudos Today
Editor Picks
Curator Picks
Quizzes by...
Day
Popularity
Type
Ratings
Length
Year
Community
Subscriptions
Recent Discussions
Orange Saloon
Badges
Playlists
Quests
Create
Leaderboards
Showdown
Live 5
Trivia Bingo
Activity
Puzzle Library
Sporcle Events
Private Events
Virtual Trivia
Globe League
Become a Host
Pub Owners
SporcleCon
Opinionation
Our Games
Videos
Blog
Mobile Apps
Partnerships
Remove Ads and Go Orange
Feedback
Science
Computer
Plants
Astronomy
Chemistry
Elements
Math
Animal
Physics
Anatomy
Biology
Geology
General Science
Science
Computer
Plants
Astronomy
Chemistry
Elements
Math
Animal
Physics
Anatomy
Biology
Geology
General Science
Random Quiz
Search Sporcle
×
Quiz Lab
Quiz Lab
Science
compound
Type in answers that appear in a list
Type in answers that appear in a list
Classic
Best Score? Go Orange.
Formula when provided with the name Stats
Can you name the Formula when provided with the name of a compound?
By
kmahoney
10m
10 Questions
108 Plays
108 Plays
108 Plays
Comments
Comments
Give Quiz Kudos
Give Quiz Kudos
-
- Ratings
hide this ad
Replay
Link that replays current quiz
Next Quiz
Link to next quiz in quiz playlist
You Got
0%
They Got
Avg Score
91%
Avg Friend Score
Upgrade to see
Score Distribution
Jump to the score distribution portion of the page
Score
0/10
Timer
10:00
0
Plays Today
Name
Formula
% Correct
Nitrogen trifluoride
NF3
95.4%
Dinitrogen monoxide
N2O
93.5%
Disulfur decoxide
S2O10
91.7%
Phosphorus pentachloride
PCl5
90.7%
Phophorus hexafluoride
PF6
90.7%
Silicon dioxide
SiO2
90.7%
Nitrogen tetroxide
NO4
89.8%
Diphosphorus decoxide
P2O10
89.8%
Sulfur pentachloride
SCl5
89.8%
Dinitrogen tetroxide
N2O4
89.8%
Quiz Playlist
Details
Report
Send in Message
Add To Playlist
Classic:
Type in answers that appear in a list
Last Updated: Feb 16, 2017
Quiz Scoreboard
CHALLENGE
Sign Up to Join the Scoreboard
Show All
Scores
Hide
Comments
May contain spoilers
Recently Published
TV Characters by Other Roles V
by ghcgh
Television
5m
Decade Duel: World Leaders
by jenniferyan
History
4m
Alphabetical 'K' Countries by Flag Minefield
by ylime102
Geography
3m
More to Explore
Quiz From the Vault
Featured Blog Post
15 Basketball Trivia Facts You Can Be March Mad About
hide this ad
You Might Also Like...
Tags
compound
formula
Provided
Today's Top Quizzes in Science
Browse Science
hide this ad
Today's Top Quizzes in compound
Browse compound
Top Contributed Quizzes in Science
1
Pick 6: Animals
2
Group Clicking: Animals II
3
Find the Spring Animals
4
what months are considered part of the spring season/us
5
The First 100 Digits of Pi
6
Why is the sky blue? And other physics questions.
7
Flowers by Accent Chairs
8
Needlepoint Flowers
9
Label the Skeleton -
10
Needlepoint Flowers II
Explore More
Trending Topics
Marvel
Crossword
NBA
Kpop
Disney
Harry Potter
Anime
Song
Soccer
The Office
Puzzle
Pokémon
Country
NFL
WWE
hide this ad
More By:
kmahoney
Quiz
Plays
Rating
Category
Featured
Created
Naming Binary Molecular Compounds
1,248
5.00
Science
Jan 15, 2013
Give the Formula for the Binary Molecular Compound
201
Science
Jan 15, 2013
Formula when provided with the name
108
5.00
Science
Jan 15, 2013
Go to Creator's Profile
Score Distribution
Quiz Creator Spotlight
kmahoney
Follow
Send a Message
Quizzes Created
-
Created Quiz Play Count
-
More By This Creator
Popular Quizzes Today
1
Countries of Asia Without Outlines Minefield
2
Find the US States - No Outlines Minefield
3
Pick 6: Fruits
4
The Countries of the World
5
Find the Countries of Europe - No Outlines Minefield
6
Alphabetical 'K' Countries by Flag Minefield
7
US States
8
Find the US States
More Science Quizzes
Find the Crest Animals III
Quiz Lab
Trending Quizzes
Pick 6: Mountains
Pick 6: Harry Potter
Pick 6: NFL Teams
Pick 6: Flags
C Names for Actors
Recently Updated
Adaptations: Name the Title
pecheneg
NWSL Teams
pecheneg
Women's Final Four Teams by Year
bhenderson79
Presidents Quartet II
eogle
Anything But Clue(do)
eogle
Anything But Oceanian Capitals
eogle
Anything But 7
eogle
Anything But Thing
eogle
Word Ladder: February 29
pecheneg
Song Title Questions
pecheneg
Trending Topics
Harry Potter
Kpop
Marvel
Disney
NBA
Anime
Crossword
Pokémon
Puzzle
NFL
The Office
WWE
Soccer
Country
Song
Your Account Isn't Verified!
In order to create a playlist on Sporcle, you need to verify the email address you used during registration. Go to your
Sporcle Settings
to finish the process.
Report this User
Report this user for behavior that violates our
Community Guidelines
.
Details:
Send Report
Go to the Sporcle.com Mobile Site →
Comments